000 00586nam a2200193 4500
001 125708
003 ES-MaACL
005 20230906192702.0
007 t|
008 070214s1977 sp r ||||1| spa d
100 1 _aRegidor, Jesús G.
_995886
245 1 0 _aQué es la reforma agraria /
_cJesús G. Regidor.
260 _aBarcelona :
_bLa gaya ciencia,
_c1977.
300 _a77 p. :
_bil. ;
_c17 cm.
490 1 _aBiblioteca de divulgación económica
830 0 _aBiblioteca de divulgación económica
_9186906
852 _aES-MaACL
_jA-7295
_bR.96294
999 _c125708
_d125708